Towards integrated assessment and advice in small-scale fisheries : (Record no. 15716)
[ view plain ]
| 000 -LEADER | |
|---|---|
| fixed length control field | 01172cam a2200193 a 4500 |
| 020 ## - INTERNATIONAL STANDARD BOOK NUMBER | |
| ISBN | 9789251060643 |
| 020 ## - INTERNATIONAL STANDARD BOOK NUMBER | |
| ISBN | 9251060649 |
| 040 ## - CATALOGING SOURCE | |
| Transcribing agency | NLGGC |
| 082 ## - DEWEY DECIMAL CLASSIFICATION NUMBER | |
| Classification number | 338 FOO 2008 A078 Or. |
| 245 00 - TITLE STATEMENT | |
| Title | Towards integrated assessment and advice in small-scale fisheries : |
| Remainder of title | principles and processes / |
| 260 ## - PUBLICATION, DISTRIBUTION, ETC. (IMPRINT) | |
| Place of publication | Rome : |
| Name of publisher | Food and Agriculture Organization of the United Nations, |
| Year of publication | 2008 |
| 300 ## - PHYSICAL DESCRIPTION | |
| Number of Pages | xiv, 84 p. : |
| Other physical details | ill. ; |
| Dimensions | 30 cm |
| 520 3# - SUMMARY, ETC. | |
| Summary, etc | The document presents the principles and processes for integrated assessment and advice in small-scale fisheries. The first chapter discusses failures of conventional assessment and management approaches. Chapter 2 presents the conceptual origins and principles of integrated assessment of small-scale fisheries. The framework is then introduced and places the assessment within the broader planning and management cycle. The final chapter discusses the implementation of the IAA framework.--Publisher's description |
| 650 #0 - SUBJECT ADDED ENTRY--TOPICAL TERM | |
| Topical Term | Small-scale fisheries |
| 700 1# - ADDED ENTRY--PERSONAL NAME | |
| Personal name | Garcia, Serge |
| 710 2# - ADDED ENTRY--CORPORATE NAME | |
| Corporate name or jurisdiction name as entry element | Food and Agriculture Organization of the United Nations |
| 856 41 - ELECTRONIC LOCATION AND ACCESS | |
| Uniform Resource Identifier | http://www.fao.org/docrep/011/i0326e/i0326e00.htm |
| 942 ## - ADDED ENTRY ELEMENTS (KOHA) | |
| Koha item type | សៀវភៅភាសាអង់គ្លេស |
No items available.